| 000 | 02459cam a22005414i 4500 | ||
|---|---|---|---|
| 003 | PE-LiUPU | ||
| 005 | 20250731165513.0 | ||
| 008 | 150525s2013 mx a r 001 0 spa d | ||
| 020 | _a9786077079705 | ||
| 035 | _a(Sirsi) i9786077079705 | ||
| 040 |
_aPE-LiUPU _bspa _cPE-LiUPU _erda |
||
| 049 | _aPRUA | ||
| 082 | 0 | 4 |
_a005.133 _bP77 _220 |
| 100 | 1 |
_aPonce Moreno, Santiago, _eautor. |
|
| 245 | 1 | 0 |
_aRuby on rails : _bdesarrollo práctico de aplicaciones web / _cSantiago Ponce Moreno. |
| 250 | _aPrimera edición. | ||
| 264 | 1 |
_aMéxico : _bAlfaomega, _c2013. |
|
| 300 |
_axxiii, 453 páginas : _bilustraciones ; _c23 centímetros |
||
| 336 |
_atext _2rdacontent |
||
| 337 |
_aunmediated _2rdamedia |
||
| 338 |
_avolume _2rdacarrier |
||
| 490 | 0 | _aRails | |
| 504 | _aÍndice analítico : páginas 447-453. | ||
| 505 | 0 | _aCurso práctico de Ruby -- Instalación de Ruby on Rails -- Lenguaje Ruby -- Métodos, bloques, símbolos y expresiones regulares -- Clases -- Herencia -- Excepciones, depuración y pruebas unitarias -- API Ruby -- Rails: entorno de trabajo -- Frameworks rails -- Controladores -- Vistas -- Rutas -- Formularios -- Hojas de estilo -- Helpers, plantillas parciales y bloques dinámicos -- Correo electrónico-email -- Programar en la nube -- Controladores y vistas -- Modelos -- Active record -- Migraciones -- Active record II -- Formularios Form_For -- Active record II -- Validaciones -- Sesiones y relaciones de tablas -- Pruebas automatizadas -- Rutas avanzadas. | |
| 526 | _aSEG44 | ||
| 526 | _aSEG26 | ||
| 526 | _aP151 | ||
| 526 | _aP150 | ||
| 526 | _aP149 | ||
| 526 | _aP146 | ||
| 526 | _aP145 | ||
| 526 | _aP126 | ||
| 526 | _aP125 | ||
| 526 | _aP92 | ||
| 526 | _aP75 | ||
| 526 | _aP74 | ||
| 526 | _aP27 | ||
| 526 | _aP15 | ||
| 541 | _g043-0014410; | ||
| 650 | 4 | _aProgramación orientada a objetos (Computación) | |
| 650 | 4 | _aRuby (Lenguaje de programación para computadora) | |
| 910 |
_acce _bjvq _ccce _d20150525 |
||
| 942 |
_2ddc _cBOOK |
||
| 949 |
_a005.133 P77 _wDEWEY _c1 _i71446 _lCCODEBUL1 _mBUL _p21.30 _r0 _sY _tBOOK _u2015-5-25 _xINGENIERIA _PP27 _0COMPRA _o.STAFF. Colección General |
||
| 994 |
_aC0 _bPEPRU |
||
| 596 | _a1 | ||
| 999 |
_a005.133 P77 _wDEWEY _c27873 _i71446 _f2022-4-11 _g7 _lCCODEBUL1 _mBUL _p21.30 _q1 _r1 _sY _tBOOK _u2015-5-25 _xINGENIERIA _PP27 _0COMPRA _o.STAFF. Colección General _d27873 |
||
| 980 |
_81 _gALBERTO SANCHEZ Responsable de Automatización |
||